Siedma veľkonočná nedeľa "B"

Bibliographic Details
Main Author: Dian, Daniel, 1953- (Author)
Format: Map Article
Language:Slovak
ISSN:0139-861X
Subjects:

MARC

LEADER 00000nfb a2200000 a 4500
001 vtls009481909
003 SK-MaSNL
005 20260305003703.0
008 140328c2009 xo mr|p|||||||000 b|slo
015 |a SNBRB2009/03  |2 snkbucl 
038 |a SNKBUCL 
040 |a SNKBUCL  |b slo  |c SNKBUCL  |e AACR2 
041 0 |a slo 
044 |a xo  |c SK 
080 |a 27-565.6  |2 2001 
100 1 |a Dian, Daniel,  |d 1953-  |4 aut  |9 101588 
245 1 0 |a Siedma veľkonočná nedeľa "B"  |c Daniel Dian 
650 0 7 |a Veľkonočná nedeľa  |2 snkbucl  |9 1035453 
650 0 7 |a homílie  |2 snkbucl  |9 114989 
650 0 7 |a Veľká noc  |2 snkbucl  |9 3414 
773 0 |t Duchovný pastier  |g Roč. LXXXX, č. 3 (2009), s. 162-163  |x 0139-861X 
852 |a SNK  |b KIS3GCP 
958 |a SK 
958 |a NT 
999 |c 3231696  |d 3233626